Etica para náufragos

Salvato in:
Dettagli Bibliografici
Autore principale: Marina, José Antonio (autor)
Natura: Libro
Lingua:spagnolo
Pubblicazione: Barcelona Anagrama 1998
Soggetti:
Tags: Aggiungi Tag
Nessun Tag, puoi essere il primo ad aggiungerne!!

MARC

LEADER 00000nam a2200000 a 4500
001 UCQ7750
003 CL-VaPUC
008 981113e19980000SP |||||||||||||||||spa|d
082 0 4 |a 170  |b MAR  |2 21 
100 |a Marina, José Antonio  |e autor  |9 574042 
245 1 0 |a Etica para náufragos 
300 |a 243 p 
942 |c BK 
945 |d 19981113 00:00:00  |a aarredon 
260 |a Barcelona  |b Anagrama  |c 1998 
650 0 |a Dignidad  |9 317313 
650 0 |a Ética  |9 255099 
650 0 |a Filosofía   |9 223554 
650 0 |a Felicidad  |9 257029 
650 0 |a Desarrollo cultural  |9 267526 
583 |a last modification  |c 19981113 00:00:00  |k Rodrigo Vera 
999 |c 277205  |d 277203 
952 |0 0  |1 0  |4 0  |6 170_000000000000000_MAR_1998  |7 0  |8 A  |9 315027  |a BIBTEO  |b BIBTEO  |d 2019-11-20  |i 3451275  |o 170 MAR 1998  |p 3451275  |r 2019-11-20  |w 2019-11-20  |y BK  |k ICR